| 000 | 00543nam a2200169 4500 | ||
|---|---|---|---|
| 001 | 137791 | ||
| 003 | ES-MaACL | ||
| 005 | 20230906195437.0 | ||
| 007 | t| | ||
| 008 | 070214s1958 sp r ||||1| spa d | ||
| 100 | 1 |
_aSalinas Quijada, Francisco. _9101950 |
|
| 245 | 1 | 0 |
_aTemas de Derecho Foral navarro / _cFrancisco Salinas Quijada. |
| 260 |
_aPamplona : _bDiputación Foral de Navarra, _c1958. |
||
| 300 |
_a526 p. ; _c24 cm. |
||
| 710 | 1 |
_aNavarra (Comunidad Autónoma). _bDiputación Foral. _95984 |
|
| 852 |
_aES-MaACL _jC-14677 _bR.42565 |
||
| 999 |
_c137791 _d137791 |
||